| 000 | 00386nam a2200121Ia 4500 | ||
|---|---|---|---|
| 008 | 241028s9999 xx 000 0 und d | ||
| 041 | _aeng | ||
| 082 | _a658.4012 HIT | ||
| 100 | _aHitt/ Ireland/ Hoskisson | ||
| 245 | _aStrategic Management: Competitiveness And Globalization: Concepts And Cases With Mindtap | ||
| 260 |
_bCengage Learning India _aDehli _c2017 |
||
| 300 | _a442;. P. 25 cm | ||
| 999 |
_c42977 _d42977 |
||